<?xml version="1.0" encoding="UTF-8"?>
<record
    xmlns:xsi="http://www.w3.org/2001/XMLSchema-instance"
    xsi:schemaLocation="http://www.loc.gov/MARC21/slim http://www.loc.gov/standards/marcxml/schema/MARC21slim.xsd"
    xmlns="http://www.loc.gov/MARC21/slim">

  <leader>02582nam a2200469 b 4500</leader>
  <datafield tag="952" ind1=" " ind2=" ">
    <subfield code="0">0</subfield>
    <subfield code="1">0</subfield>
    <subfield code="2">ddc</subfield>
    <subfield code="4">0</subfield>
    <subfield code="7">0</subfield>
    <subfield code="8">GEN</subfield>
    <subfield code="a">FUSBC</subfield>
    <subfield code="b">FUSBC</subfield>
    <subfield code="d">2018-08-10</subfield>
    <subfield code="e">Donaci&#xF3;n</subfield>
    <subfield code="l">2</subfield>
    <subfield code="o">G 223.907 P388c</subfield>
    <subfield code="p">13927</subfield>
    <subfield code="r">2025-02-22 00:00:00</subfield>
    <subfield code="s">2021-05-27</subfield>
    <subfield code="t">Ej. 1</subfield>
    <subfield code="w">2018-08-10</subfield>
    <subfield code="y">BK</subfield>
    <subfield code="B">85</subfield>
    <subfield code="I">INV2023</subfield>
  </datafield>
  <datafield tag="999" ind1=" " ind2=" ">
    <subfield code="c">64354</subfield>
    <subfield code="d">64354</subfield>
  </datafield>
  <controlfield tag="001">Mimo0000525727</controlfield>
  <controlfield tag="003">SpMaBN</controlfield>
  <controlfield tag="005">20180813151503.0</controlfield>
  <controlfield tag="008">961022s1995    sp |          ||| ||spa  </controlfield>
  <datafield tag="017" ind1=" " ind2=" ">
    <subfield code="a">NA 330-1995</subfield>
    <subfield code="b">Oficina Dep&#xF3;sito Legal Navarra</subfield>
  </datafield>
  <datafield tag="020" ind1=" " ind2=" ">
    <subfield code="a">8481690252</subfield>
  </datafield>
  <datafield tag="040" ind1=" " ind2=" ">
    <subfield code="a">SpMaBN</subfield>
    <subfield code="b">spa</subfield>
    <subfield code="e">rdc</subfield>
    <subfield code="c">CO-MdFUSB</subfield>
    <subfield code="d">CO-MdFUSBC</subfield>
  </datafield>
  <datafield tag="041" ind1="1" ind2=" ">
    <subfield code="a">spa</subfield>
    <subfield code="h">fre</subfield>
  </datafield>
  <datafield tag="080" ind1=" " ind2="0">
    <subfield code="a">223.9.07</subfield>
  </datafield>
  <datafield tag="082" ind1=" " ind2=" ">
    <subfield code="2">23</subfield>
    <subfield code="a">223.907</subfield>
    <subfield code="b">P388</subfield>
  </datafield>
  <datafield tag="100" ind1="1" ind2=" ">
    <subfield code="a">Pelletier, Anne-Marie</subfield>
    <subfield code="e">autor</subfield>
  </datafield>
  <datafield tag="240" ind1="1" ind2="3">
    <subfield code="a">Le Cantique des cantiques</subfield>
  </datafield>
  <datafield tag="245" ind1=" " ind2="3">
    <subfield code="a">El cantar de los cantares</subfield>
    <subfield code="c">/ Anne-Marie Pelletier ; traductor, Nicol&#xE1;s Darr&#xED;cal</subfield>
  </datafield>
  <datafield tag="264" ind1=" " ind2="1">
    <subfield code="a">Navarra, Espa&#xF1;a :</subfield>
    <subfield code="b">Verbo Divino, </subfield>
    <subfield code="c">&#x2117;[1995]</subfield>
  </datafield>
  <datafield tag="264" ind1=" " ind2="4">
    <subfield code="c">&#xA9;1995</subfield>
  </datafield>
  <datafield tag="300" ind1=" " ind2=" ">
    <subfield code="a">64 p&#xE1;ginas ;</subfield>
    <subfield code="c">19 cm</subfield>
  </datafield>
  <datafield tag="336" ind1=" " ind2=" ">
    <subfield code="2">rdacontent</subfield>
    <subfield code="a">texto</subfield>
    <subfield code="b">txt</subfield>
  </datafield>
  <datafield tag="337" ind1=" " ind2=" ">
    <subfield code="2">rdamedia</subfield>
    <subfield code="a">sin mediaci&#xF3;n</subfield>
    <subfield code="b">n</subfield>
  </datafield>
  <datafield tag="338" ind1=" " ind2=" ">
    <subfield code="2">rdacarrier</subfield>
    <subfield code="a">volumen</subfield>
    <subfield code="b">nc</subfield>
  </datafield>
  <datafield tag="490" ind1="1" ind2=" ">
    <subfield code="a">Cuadernos B&#xED;blicos</subfield>
  </datafield>
  <datafield tag="505" ind1=" " ind2=" ">
    <subfield code="a">Indicaciones previas a la lectura -- Siguiendo el texto del Cantar -- &#xBF;Colecci&#xF3;n de poemas u obra dram&#xE1;tica? -- Fecha de procedencia del texto -- Texto clave de la tradici&#xF3;n prof&#xE9;tica -- Texto clave de la tradici&#xF3;n sapiencial -- Testimonio de la meditaci&#xF3;n de Israel a finales del siglo V -- La entrada del texto al Canon -- Una tradici&#xF3;n de lectura aleg&#xF3;rica -- La lectura jud&#xED;a del Sir ha sirim -- El cantar, canto de Cristo y de la Iglesia -- El canto del la perfecci&#xF3;n del amor -- El sentido antropol&#xF3;gico exclusivamente  --  &#xBF;Un foso sin puente? -- Mantener uno y otro sentido -- El amor de la alianza precede a todos los otros amores -- Para proseguir el estudio -- Lista de recuadros.</subfield>
    <subfield code="t">Introducci&#xF3;n. --</subfield>
    <subfield code="t">Leer Cantar de los cantares. --</subfield>
    <subfield code="t">El Cantar bajo la mirada exegeta. --</subfield>
    <subfield code="t">El Cantar y la tradici&#xF3;n de su lectura. --</subfield>
    <subfield code="t">El Cantar de hoy. -- </subfield>
    <subfield code="t">Conclusi&#xF3;n.</subfield>
  </datafield>
  <datafield tag="563" ind1=" " ind2=" ">
    <subfield code="a">Tapa r&#xFA;stica</subfield>
  </datafield>
  <datafield tag="630" ind1="0" ind2="7">
    <subfield code="a">Biblia.</subfield>
    <subfield code="p">Cantares</subfield>
  </datafield>
  <datafield tag="700" ind1=" " ind2=" ">
    <subfield code="a">Darr&#xED;cal, Nicol&#xE1;s</subfield>
    <subfield code="e">traductor</subfield>
  </datafield>
  <datafield tag="830" ind1=" " ind2=" ">
    <subfield code="a">Cuadernos B&#xED;blicos</subfield>
    <subfield code="n">, No. 85</subfield>
  </datafield>
  <datafield tag="942" ind1=" " ind2=" ">
    <subfield code="c">BK</subfield>
  </datafield>
  <datafield tag="956" ind1=" " ind2=" ">
    <subfield code="a">1 2</subfield>
  </datafield>
  <datafield tag="980" ind1=" " ind2=" ">
    <subfield code="a">NA 330-1995</subfield>
    <subfield code="a">M-BN</subfield>
    <subfield code="b">BNMADRID</subfield>
    <subfield code="j">9/147378</subfield>
    <subfield code="c">SG_RECOLET</subfield>
  </datafield>
  <datafield tag="980" ind1=" " ind2=" ">
    <subfield code="a">NA 330-1995</subfield>
    <subfield code="a">M-BN</subfield>
    <subfield code="b">BNALCALA</subfield>
    <subfield code="j">AHM/232824</subfield>
    <subfield code="c">SALA_ALC</subfield>
  </datafield>
  <datafield tag="980" ind1=" " ind2=" ">
    <subfield code="a">NA 1368-2000</subfield>
    <subfield code="a">84-8169-025-2</subfield>
    <subfield code="a">M-BN</subfield>
    <subfield code="b">BNALCALA</subfield>
    <subfield code="j">AHM/485789</subfield>
    <subfield code="c">SALA_ALC</subfield>
  </datafield>
  <datafield tag="980" ind1=" " ind2=" ">
    <subfield code="a">NA 1368-2000</subfield>
    <subfield code="a">84-8169-025-2</subfield>
    <subfield code="a">M-BN</subfield>
    <subfield code="b">BNALCALA</subfield>
    <subfield code="j">AHM/526989</subfield>
    <subfield code="c">SALA_ALC</subfield>
  </datafield>
  <datafield tag="980" ind1=" " ind2=" ">
    <subfield code="a">NA 330-1995</subfield>
    <subfield code="a">M-BN</subfield>
    <subfield code="b">BNALCALA</subfield>
    <subfield code="j">DL/726920</subfield>
    <subfield code="c">CONSERVACI</subfield>
  </datafield>
  <datafield tag="980" ind1=" " ind2=" ">
    <subfield code="a">NA 1368-2000</subfield>
    <subfield code="a">84-8169-025-2</subfield>
    <subfield code="a">M-BN</subfield>
    <subfield code="b">BNALCALA</subfield>
    <subfield code="j">DL/1054124</subfield>
    <subfield code="c">CONSERVACI</subfield>
  </datafield>
  <datafield tag="980" ind1=" " ind2=" ">
    <subfield code="a">NA 230-2002</subfield>
    <subfield code="a">84-8169-025-2</subfield>
    <subfield code="a">M-BN</subfield>
    <subfield code="b">BNALCALA</subfield>
    <subfield code="j">DL/1186854</subfield>
    <subfield code="c">CONSERVACI</subfield>
  </datafield>
</record>
